Quizzes
Events
Quiz Creation
Community
Videos
Private Events
Remove Ads
Sign In
Join for FREE
Feedback
Dark Mode
Quiz Categories
Sports
Geography
Music
Movies
Television
Just For Fun
Miscellaneous
History
Literature
Language
Science
Gaming
Entertainment
Religion
Holiday
For Kids
Quiz Lab
Recent
Popular Today
Quiz Kudos Today
Editor Picks
Curator Picks
Quizzes by...
Day
Popularity
Type
Ratings
Length
Year
Community
Subscriptions
Recent Discussions
Orange Saloon
Badges
Playlists
Quests
Create
Leaderboards
Showdown
Live 5
Trivia Bingo
Activity
Puzzle Library
Sporcle Events
Private Events
Virtual Trivia
Globe League
Become a Host
Pub Owners
SporcleCon
Opinionation
Our Games
Videos
Blog
Mobile Apps
Partnerships
Remove Ads and Go Orange
Feedback
Language
Vocabulary
Begins and Ends
Definition
Spanish
French
German
Italian
Chinese
Latin
Translation
Japanese
Language
Vocabulary
Begins and Ends
Definition
Spanish
French
German
Italian
Chinese
Latin
Translation
Japanese
Random Quiz
Search Sporcle
×
Quiz Lab
Quiz Lab
Language
300
Type in answers that appear in a list
Type in answers that appear in a list
Classic
Best Score? Go Orange.
300 High Frequency Words (English) Stats
Can you name the 300 High Frequency Words taught in Primary Schools (UK - British English)?
By
becka2710
15m
300 Questions
221 Plays
221 Plays
221 Plays
Comments
Comments
Give Quiz Kudos
Give Quiz Kudos
-
- Ratings
hide this ad
Replay
Link that replays current quiz
Next Quiz
Link to next quiz in quiz playlist
You Got
0%
They Got
Avg Score
30%
Avg Friend Score
Upgrade to see
Score Distribution
Jump to the score distribution portion of the page
Score
0/300
Timer
15:00
0
Plays Today
Answer
% Correct
the
94.1%
and
94.1%
a
94.1%
an
81.4%
he
79.1%
be
77.7%
to
75%
we
75%
on
74.1%
go
73.6%
in
72.3%
you
72.3%
do
71.8%
no
70%
is
67.3%
she
66.8%
her
66.8%
of
66.4%
it
65.9%
me
65.5%
so
65%
where
65%
why
65%
they
64.5%
when
64.1%
what
62.3%
one
61.8%
your
61.4%
too
60.9%
for
60.5%
not
60.5%
can
58.6%
how
58.6%
two
58.6%
who
58.6%
there
58.2%
are
56.8%
as
55.9%
if
55.9%
up
54.5%
yes
54.5%
that
53.6%
three
53.6%
at
52.7%
my
52.7%
all
52.3%
see
51.8%
was
51.4%
ever
51.4%
have
50.9%
or
50.9%
out
50%
will
50%
day
50%
their
49.5%
then
49.1%
could
48.2%
cat
48.2%
but
47.7%
with
47.7%
this
47.3%
were
47.3%
house
47.3%
good
47.3%
because
47.3%
we're
47.3%
man
46.8%
by
45.9%
his
45.5%
them
45.5%
down
45%
from
45%
him
45%
us
44.5%
would
44.5%
like
44.1%
dog
44.1%
some
43.6%
every
43.6%
more
43.2%
say
43.2%
did
43.2%
had
42.7%
over
42.7%
get
42.3%
said
40.9%
under
40.9%
time
40.5%
off
40.5%
mum
40%
our
40%
dad
38.6%
car
38.6%
home
38.6%
just
38.2%
girl
38.2%
boy
37.7%
eat
37.7%
than
37.7%
got
37.3%
Answer
% Correct
night
37.3%
take
37.3%
bad
37.3%
now
36.8%
don't
36.4%
come
36.4%
old
36.4%
here
36.4%
red
36.4%
never
35.9%
any
35.5%
am
35.5%
run
35.5%
has
35%
may
35%
gone
35%
sun
34.5%
went
34.1%
let
34.1%
look
33.6%
can't
33.6%
want
33.6%
put
33.2%
white
32.7%
I'm
32.3%
make
32.3%
right
32.3%
into
31.8%
play
31.8%
big
31.4%
it's
30.9%
after
30.9%
its
30.9%
green
30.9%
I'll
30.5%
been
30%
tea
30%
saw
29.1%
food
29.1%
thing
29.1%
took
28.6%
think
28.6%
well
28.6%
sea
28.2%
most
28.2%
small
27.7%
new
27.7%
head
27.7%
book
27.7%
even
27.7%
came
27.3%
school
27.3%
only
26.4%
many
26.4%
mother
26.4%
people
25.9%
live
25.9%
know
25.9%
gave
25.5%
before
25.5%
very
25%
little
24.5%
water
24.5%
hot
24.5%
hat
24.5%
which
24.5%
cold
24.5%
going
23.6%
great
23.6%
tell
23.6%
I
23.2%
first
23.2%
please
23.2%
end
23.2%
way
22.7%
work
22.3%
thought
22.3%
last
22.3%
through
21.8%
long
21.4%
tree
21.4%
other
21.4%
made
20.9%
must
20.9%
children
20.5%
back
20%
help
20%
sleep
20%
these
19.5%
keep
19.5%
something
19.1%
place
19.1%
best
19.1%
away
18.6%
ran
18.6%
much
18.6%
looked
18.2%
told
18.2%
eyes
18.2%
sat
17.7%
Answer
% Correct
need
17.3%
king
17.3%
horse
17.3%
hard
17.3%
top
17.3%
each
17.3%
gran
16.8%
door
16.4%
queen
16.4%
couldn't
15.9%
around
15.9%
once
15.9%
dark
15.9%
I've
15.5%
stop
15.5%
really
15.5%
use
15.5%
find
15%
didn't
15%
better
15%
fly
14.5%
again
14.1%
everyone
14.1%
next
13.6%
inside
13.6%
grow
13.6%
still
13.2%
wish
13.2%
liked
13.2%
soon
12.7%
mouse
12.7%
another
12.7%
wind
12.7%
baby
12.3%
let's
12.3%
bed
11.8%
fast
11.8%
fish
11.4%
found
11.4%
looks
11.4%
town
10.9%
room
10.9%
oh
10.5%
he's
10.5%
Mr
10%
air
10%
morning
10%
things
9.5%
wanted
9.5%
window
9.5%
feet
9.5%
miss
9.5%
friends
8.6%
grandad
8.6%
Mrs
8.2%
along
8.2%
park
8.2%
fun
7.7%
round
7.3%
clothes
7.3%
lived
6.8%
snow
6.8%
asked
6.4%
that's
6.4%
river
6.4%
rabbit
5.9%
called
5.5%
across
5.5%
there's
5.5%
boat
5%
coming
5%
fell
5%
lots
4.5%
bear
4.1%
shout
3.6%
animals
3.6%
garden
3.6%
different
3.6%
looking
3.2%
trees
2.7%
cried
2.7%
box
2.3%
began
1.8%
fox
1.8%
duck
1.8%
jumped
1.8%
eggs
1.4%
plants
1.4%
magic
0.9%
shouted
0.9%
birds
0.9%
suddenly
0.9%
stopped
0.9%
dragon
0.9%
key
0.9%
giant
0.5%
narrator
0%
laughed
0%
floppy
0%
pulled
0%
Quiz Playlist
Details
Report
Send in Message
Add To Playlist
Classic:
Type in answers that appear in a list
Last Updated: May 4, 2019
Quiz Scoreboard
CHALLENGE
Sign Up to Join the Scoreboard
Show All
Scores
Hide
Comments
May contain spoilers
Recently Published
College Basketball Coaching Resumes
by pancakes188
Sports
9m
Billboard Blitz: Fleetwood Mac
by CooCooCachoo
Music
15s
Presidents Visiting Landmarks
by Hejman
History
7m
More to Explore
Quiz From the Vault
Featured Blog Post
Where Did the Easter Bunny Come From?
hide this ad
You Might Also Like...
Tags
300
English
Frequency
Today's Top Quizzes in Language
Browse Language
hide this ad
Today's Top Quizzes in 300
Browse 300
Top Contributed Quizzes in Language
1
1-10 Letter F Words III
2
1-10 Letter G Words III
3
Alphabetize! : 'As' words
4
1-10 Letter H Words III
5
Order Up: Top 10 Most Native Spoken Languages
6
Celtic Nations in their Language
7
One Thing in Common: Italy
8
1-10 Letter I Words III
9
1-10 Letter J Words III
10
Weisst du, aus welchen Sprachen diese Wörter stammen?
Explore More
Trending Topics
NBA
Harry Potter
Kpop
Crossword
Anime
Disney
Marvel
Country
Song
NFL
Soccer
The Office
WWE
Pokémon
Puzzle
hide this ad
More By:
becka2710
Quiz
Plays
Rating
Category
Featured
Created
'You're Welcome' List (Moana)
1,097
4.83
Movies
May 29, 2017
Turkish Food/Drink - Translate
725
4.86
Language
May 9, 2019
Fresh Meat - Hartnell Road Residents
578
4.60
Television
Dec 23, 2016
Duolingo Languages
544
4.54
Language
Feb 2, 2016
Turkish Animals - Translate
515
4.88
Language
May 12, 2019
Go to Creator's Profile
Score Distribution
Quiz Creator Spotlight
becka2710
Follow
Send a Message
Quizzes Created
-
Created Quiz Play Count
-
More By This Creator
Popular Quizzes Today
1
Find the US States - No Outlines Minefield
2
Find the Countries of Europe - No Outlines Minefield
3
The Countries of the World
4
Find the US States
5
Risky Map Clicking: Biggest States A-Z
6
US States
7
Popular People in 1961
8
Movies - When Are They Set?
More Language Quizzes
Where to with Q and U?
Published
Trending Quizzes
Risky Map Clicking: Least Populous States A-Z
1-10 Letter G Words
1-10 Letter F Words
Risky Map Clicking: Next State Alphabetically
Risky Map Clicking: Biggest States A-Z
Recently Updated
Leaping Animals
pecheneg
Reality TV Shows (A-Z)
bhenderson79
Rickey Henderson's Hall of Fame Teammates
pecheneg
Champions League XIs: Arsenal
pecheneg
Quick Pick: Celebrities in WWE's Hall of Fame
aduchscher
A-Z Keypad Blitz II
pecheneg
Multiple Oscar Actors
pecheneg
Mystery Phrase Blitz: Oscar 'Best Actors'
pecheneg
F. Scott Fitzgerald Novels
LTH
Pick 3 Villains
ddd62291
Trending Topics
NBA
Disney
Crossword
Marvel
Harry Potter
Kpop
Anime
Pokémon
WWE
The Office
NFL
Song
Country
Soccer
Puzzle
Your Account Isn't Verified!
In order to create a playlist on Sporcle, you need to verify the email address you used during registration. Go to your
Sporcle Settings
to finish the process.
Report this User
Report this user for behavior that violates our
Community Guidelines
.
Details:
Send Report
Go to the Sporcle.com Mobile Site →
Comments